00629nam a22001937a 4500999001900000005001700019010001300036020002500049035001300074037000900087082000800096100001800104245003100122260003700153270005900190300002000249942002200269952014400291 c179502d17950220210616120228.0 aB-740234 a9788126052011c50.00 aB-740234 bGift a921 aDhar, Somnath aKalhana /cby Somnath Dhar aNew DelhibSahitya Akademic2017 aRabindra Bhawan, 35, Ferozshah RoadbNew Delhie110001 a85p.c22cm(pbk) 2ddccENh921mDHA 001040708NFICaMPbMPd2021-06-16eGift/Eng/02-06-2021g50.00l0o921 DHApB-740234r2021-06-16 00:00:00t1v50.00w2021-06-16yENzGift